[Event "SRB-ch U16 Girls"]
[Site "Subotica"]
[Date "2021.05.04"]
[Round "3"]
[White "Jovanovic, Anja"]
[Black "Protic, Marija"]
[Result "1-0"]
[WhiteElo "1790"]
[BlackElo "1346"]
[PlyCount "33"]
[EventDate "2021.05.03"]
[EventType "tourn"]
[EventRounds "9"]
[EventCountry "SRB"]
[SourceTitle "EXT 2022"]
[Source "ChessBase"]
[SourceDate "2021.10.06"]
[SourceVersion "1"]
[SourceVersionDate "2021.10.06"]
[SourceQuality "1"]

1. e4 e6 2. d4 d5 3. Nd2 c5 4. exd5 exd5 5. c3 cxd4 6. cxd4 Nc6 7. Ngf3 Bb4 8. Be2 Nf6 9. 0-0 0-0 10. a3 Ba5 11. Nb3 Bc7 12. h3 h6 13. Be3 Bf5 14. Nc5 b6 15. Nd3 Re8 16. Rc1 Qd7 17. Qa4 1-0

[Event "SRB-ch U16 Girls"]
[Site "Subotica"]
[Date "2021.05.03"]
[Round "1"]
[White "Palamarevic, Mina"]
[Black "Protic, Marija"]
[Result "1-0"]
[WhiteElo "1377"]
[BlackElo "1346"]
[PlyCount "81"]
[EventDate "2021.05.03"]
[EventType "tourn"]
[EventRounds "9"]
[EventCountry "SRB"]
[SourceTitle "EXT 2022"]
[Source "ChessBase"]
[SourceDate "2021.10.06"]
[SourceVersion "1"]
[SourceVersionDate "2021.10.06"]
[SourceQuality "1"]

1. d4 Nf6 2. Bg5 d6 3. Bxf6 gxf6 4. Nf3 Bg7 5. e3 Nc6 6. Bb5 Bd7 7. c3 e6 8. Nbd2 Qe7 9. Qc2 0-0-0 10. 0-0-0 Kb8 11. Kb1 f5 12. c4 Nb4 13. Qb3 Bxb5 14. cxb5 Nd5 15. a4 h6 16. Nc4 Nb6 17. a5 Nxc4 18. Qxc4 Rc8 19. a6 c6 20. Rd3 cxb5 21. Qxb5 Rc7 22. Rb3 b6 23. Nd2 d5 24. Ka2 Ka8 25. Nb1 Rhc8 26. Nc3 Qd7 27. Qd3 Rc4 28. Qd2 Bf8 29. Rc1 Bb4 30. Kb1 Qb5 31. Nxb5 Bxd2 32. Rxc4 dxc4 33. Ra3 Bb4 34. Ra4 Be7 35. Kc2 Bf6 36. Kc3 e5 37. Rxc4 Rxc4+ 38. Kxc4 exd4 39. exd4 Kb8 40. b3 Be7 41. Kd5 1-0

[Event "SRB-ch U14 Girls"]
[Site "Kragujevac"]
[Date "2019.05.02"]
[Round "5"]
[White "Protic, Marija"]
[Black "Gligoric, Sofija"]
[Result "0-1"]
[WhiteElo "1339"]
[BlackElo "1458"]
[PlyCount "44"]
[EventDate "2019.04.29"]
[EventType "swiss"]
[EventRounds "9"]
[EventCountry "SRB"]
[SourceTitle "EXT 2022"]
[Source "ChessBase"]
[SourceDate "2021.10.06"]
[SourceVersion "1"]
[SourceVersionDate "2021.10.06"]
[SourceQuality "1"]

1. e4 d5 2. exd5 Qxd5 3. Nc3 Qa5 4. g3 Nc6 5. Bg2 Nf6 6. Nge2 Bf5 7. 0-0 e6 8. a3 Be7 9. Rb1 0-0 10. b4 Qe5 11. d3 Qd6 12. b5 Na5 13. Bd2 Rac8 14. a4 b6 15. Na2 Rfe8 16. Bxa5 bxa5 17. Qd2 Qb6 18. Qc3 Nd5 19. Qc4 c6 20. Nd4 cxb5 21. Rxb5 Rxc4 22. Rxb6 Rxd4 0-1

[Event "SRB-ch U14 Girls"]
[Site "Kragujevac"]
[Date "2019.04.29"]
[Round "1"]
[White "Protic, Marija"]
[Black "Dinic, Andjela"]
[Result "0-1"]
[WhiteElo "1339"]
[BlackElo "1656"]
[PlyCount "76"]
[EventDate "2019.04.29"]
[EventType "swiss"]
[EventRounds "9"]
[EventCountry "SRB"]
[SourceTitle "EXT 2022"]
[Source "ChessBase"]
[SourceDate "2021.10.06"]
[SourceVersion "1"]
[SourceVersionDate "2021.10.06"]
[SourceQuality "1"]

1. e4 d5 2. exd5 Qxd5 3. Nc3 Qa5 4. d4 c6 5. Nf3 Nf6 6. g3 Bg4 7. Bg2 e6 8. a3 Bd6 9. 0-0 Nbd7 10. Bd2 Qc7 11. Rb1 0-0 12. a4 e5 13. dxe5 Nxe5 14. b3 Rad8 15. Qe2 Rfe8 16. Be3 Bb4 17. Na2 Bd6 18. Rfd1 Nd5 19. h3 Nxe3 20. fxe3 Nxf3+ 21. Bxf3 Bxf3 22. Qxf3 Bxg3 23. Nc3 h6 24. Rxd8 Rxd8 25. Rd1 Rxd1+ 26. Nxd1 Be5 27. Nf2 Qa5 28. Nd3 Bf6 29. Qe2 Qg5+ 30. Kf1 Qg3 31. Nf2 Bg5 32. e4 Be3 33. Qe1 Bxf2 34. Qxf2 Qxh3+ 35. Qg2 Qxg2+ 36. Kxg2 Kf8 37. Kg3 Ke7 38. Kf4 Ke6 0-1

[Event "SRB-ch U14 Girls"]
[Site "Novi Sad"]
[Date "2018.04.03"]
[Round "3"]
[White "Grozdanovic, Anastasia"]
[Black "Protic, Marija"]
[Result "1/2-1/2"]
[WhiteElo "1625"]
[BlackElo "1436"]
[PlyCount "120"]
[EventDate "2018.04.02"]
[EventType "swiss"]
[EventRounds "9"]
[EventCountry "SRB"]
[SourceTitle "EXT 2019"]
[Source "ChessBase"]
[SourceDate "2018.10.10"]
[SourceVersion "1"]
[SourceVersionDate "2018.10.10"]
[SourceQuality "1"]

1. d4 d5 2. c4 dxc4 3. Nc3 Nf6 4. Bf4 a6 5. e3 Be6 6. Nf3 b5 7. a3 g6 8. Be2 Bg7 9. 0-0 0-0 10. e4 c6 11. Qd2 Qd7 12. h3 Rd8 13. Rad1 Qb7 14. Bh6 a5 15. e5 Nd5 16. Bxg7 Nxc3 17. bxc3 Kxg7 18. Qb2 Ra7 19. Ng5 Na6 20. Nxe6+ fxe6 21. Rb1 Rb8 22. f4 c5 23. Bf3 Qb6 24. d5 exd5 25. Bxd5 e6 26. Bxc4 Rab7 27. Be2 b4 28. Bxa6 Qxa6 29. axb4 cxb4 30. cxb4 Rxb4 31. Qa2 Qb6+ 32. Kh2 Rxb1 33. Rxb1 Qxb1 34. Qxe6 Qf5 35. Qe7+ Qf7 36. Qg5 Ra8 37. h4 h6 38. Qg4 Qf5 39. Qf3 Ra7 40. Qe3 Ra6 41. Qd4 Kh7 42. Qc4 Ra7 43. Qd4 Qd7 44. Qe4 Qg4 45. g3 Qf5 46. Qd4 Qc2+ 47. Kh3 Qc7 48. e6 a4 49. h5 Qg7 50. hxg6+ Kh8 51. Qd8+ Qg8 52. e7 Rxe7 53. Qxe7 Qxg6 54. Qe8+ Kh7 55. Qd7+ Kh8 56. Qxa4 Qe6+ 57. f5 Qxf5+ 58. Qg4 Qxg4+ 59. Kxg4 Kg7 60. Kh5 Kh7 1/2-1/2

[Event "SRB-ch U14 Girls"]
[Site "Novi Sad"]
[Date "2018.04.03"]
[Round "2"]
[White "Protic, Marija"]
[Black "Palamarevic, Mina"]
[Result "0-1"]
[WhiteElo "1436"]
[BlackElo "1222"]
[PlyCount "122"]
[EventDate "2018.04.02"]
[EventType "swiss"]
[EventRounds "9"]
[EventCountry "SRB"]
[SourceTitle "EXT 2019"]
[Source "ChessBase"]
[SourceDate "2018.10.10"]
[SourceVersion "1"]
[SourceVersionDate "2018.10.10"]
[SourceQuality "1"]

1. d4 f5 2. Bf4 d6 3. Nf3 g6 4. e3 Bg7 5. Bc4 Nc6 6. a3 Bd7 7. Bg3 e5 8. h3 Qe7 9. 0-0 0-0-0 10. Qe1 e4 11. Nfd2 h5 12. f3 exf3 13. Nxf3 Re8 14. Bf2 Na5 15. Bd3 Nc6 16. c3 Bh6 17. Nbd2 Bxe3 18. Qxe3 Qxe3 19. Bxe3 Rxe3 20. Bc2 Nf6 21. Rae1 Rxe1 22. Rxe1 Re8 23. Kf2 Rxe1 24. Kxe1 Kd8 25. Kf2 Ke7 26. Ke3 Nd5+ 27. Kd3 Nf4+ 28. Ke3 Nxg2+ 29. Kf2 Nf4 30. Kg3 Nd5 31. Nh4 Kf6 32. Bb3 Nde7 33. Ndf3 g5 34. Ng2 f4+ 35. Kh2 Nd8 36. Nd2 Be6 37. Bxe6 Nxe6 38. Ne1 Kf5 39. Nef3 Ng6 40. Kg2 g4 41. hxg4+ hxg4 42. Nh2 Nh4+ 43. Kg1 Ng5 44. b3 Ngf3+ 45. Nhxf3 Nxf3+ 46. Nxf3 gxf3 47. Kf2 Ke4 48. a4 a6 49. b4 b6 50. b5 axb5 51. axb5 d5 52. Kf1 Ke3 53. Ke1 Kd3 54. Kf2 Kxc3 55. Kxf3 Kxd4 56. Kxf4 Kc5 57. Ke3 Kxb5 58. Kd4 Kb4 59. Kxd5 c5 60. Kd6 c4 61. Kc6 c3 0-1